000 00445nam a22001337a 4500
040 _cNUST
082 _a200 THE
100 _aSyed Irfan Shah
_984279
110 _aSupervisor Dr. Waqar Shahid Qureshi
_984280
245 _aTH-SOF-1865-Design, Implement and Benchmark a Low-Cost Optical Device for Measuring Brix and Dry Matter in Fruits
260 _aISLAMABAD:
_bNUST COLLEGE OF EME,
_c2021.
650 _aMS-MTS-17
_984281
942 _2ddc
_cTHE
999 _c586796
_d586796